000 00431nam a2200193Ia 4500
008 101110s9999 xx 000 0 und d
041 _aENGLISH
082 _bSR13764
100 _aBalgopal T.A.S.
245 _aExport Management
365 _b25
520 _aCommerce
546 _aENGLISH
630 _aExport Management
650 _aCommerce
655 _aCommerce
730 _aExport Management
942 _cBOOK
999 _c807907
_d807904